Die seelische Entwicklung des Menschen im kindes-und Jugendalter : Grundlagen, erkenntnisse und padagogische Folgerungen der Kindes- und Jugendalter
Αποθηκεύτηκε σε:
| Κύριος συγγραφέας: | |
|---|---|
| Μορφή: | Βιβλίο |
| Γλώσσα: | German |
| Δημοσίευση: |
Munchen :
E. Reinhardt,
1958
|
| Έκδοση: | 7η έκδ. |
| Θέματα: | |
| Ετικέτες: |
Προσθήκη ετικέτας
Δεν υπάρχουν, Καταχωρήστε ετικέτα πρώτοι!
|
MARC
| LEADER | 00000cam a2200000 i 4500 | ||
|---|---|---|---|
| 001 | 1/29651 | ||
| 008 | 060517s1958 ger d | ||
| 035 | |l 10083952 | ||
| 040 | |a GR-MY-UA |b gre |e aacr | ||
| 041 | 0 | |a ger | |
| 082 | 0 | |a 305.231 |2 (22) | |
| 100 | 1 | |a Remplein, Heinz, |d 1914- | |
| 245 | 1 | 4 | |a Die seelische Entwicklung des Menschen im kindes-und Jugendalter : |b Grundlagen, erkenntnisse und padagogische Folgerungen der Kindes- und Jugendalter / |c Heinz Remplein |
| 250 | |a 7η έκδ. | ||
| 260 | |a Munchen : |b E. Reinhardt, |c 1958 | ||
| 300 | |a 693 σ.; |c 24 εκ. | ||
| 504 | |a Βιβλιογραφία: σ. [651]-681 | ||
| 650 | 0 | 0 | |a Child psychology. |
| 650 | 0 | 0 | |a Adolescence. |
| 852 | |a INST |b RHODES |c KRI |e 20060517 |h 305.231 REM |p 005400020784 |q 005400020784 |t BK |y 0 | ||
| 901 | |a BIBL4-2006-2 | ||
| 909 | |a Ρ |b 123611 | ||
| 970 | |a ΚΟΖΑ |b ΜΑΡΙΑ |z 2006/05/17 | ||